Statistics for Murder Mystery #1

Click here to take the quiz!

General Stats

  • This quiz has been taken 1,863 times
  • The average score is 10 of 21

Answer Stats

GroupHintAnswer% Correct
1Who am I?Sherlock Holmes
92%
5Who am I?Batman
89%
5In what city do I reside?Gotham
79%
5What is my real name?Bruce Wayne
74%
2On what famous train did I once solve a murder?Orient Express
70%
4Who am I?Tintin
65%
2Who am I?Hercule Poirot
64%
2What is my nationality?Belgian
62%
1Who is my elder brother?Mycroft Holmes
47%
3What is our primary mode of transportation?The Mystery Machine
45%
3Who are we?Mystery Inc.
44%
6With whom did I travel through time?The Doctor
40%
4What captain is my best friend?Captain {Haddock}
31%
1When you have eliminated the __________,...Impossible
31%
4What is the name of my sidekick?Snowy
31%
8Murder weaponQueen
28%
6What is the name of my robotic dog?K-9
24%
3What is our hometown?Coolsville
19%
6Who am I?Sarah Jane Smith
17%
7MurdererCatherine Howard
16%
9Murder locationTreachery
8%

Score Distribution

Percentile by Number Answered

Percent of People with Each Score

Your Score History

You have not taken this quiz